Quizzes
Events
Quiz Creation
Community
Videos
Private Events
Remove Ads
Sign In
Join for FREE
Feedback
Dark Mode
Quiz Categories
Sports
Geography
Music
Movies
Television
Just For Fun
Miscellaneous
History
Literature
Language
Science
Gaming
Entertainment
Religion
Holiday
For Kids
Quiz Lab
Recent
Popular Today
Quiz Kudos Today
Editor Picks
Curator Picks
Quizzes by...
Day
Popularity
Type
Ratings
Length
Year
Community
Subscriptions
Recent Discussions
Orange Saloon
Badges
Playlists
Quests
Create
Leaderboards
Showdown
Live 5
Trivia Bingo
Activity
Puzzle Library
Sporcle Events
Private Events
Virtual Trivia
Globe League
Become a Host
Pub Owners
SporcleCon
Opinionation
Our Games
Videos
Blog
Mobile Apps
Partnerships
Remove Ads and Go Orange
Feedback
Sports
Athletes
MLB
NBA
NHL
NFL
Soccer
Sports Teams
WWE
NCAA
Football
Premier League
Basketball
Baseball
Hockey
Golf
Tennis
Cricket
Rugby
Auto Racing
Olympics
World Cup
Sports
Athletes
MLB
NBA
NHL
NFL
Soccer
Sports Teams
WWE
NCAA
Football
Premier League
Basketball
Baseball
Hockey
Golf
Tennis
Cricket
Rugby
Auto Racing
Olympics
World Cup
Random Quiz
Search Sporcle
×
Quiz Lab
Quiz Lab
Sports
goal
Type in answers that appear in a list
Type in answers that appear in a list
Classic
Best Score? Go Orange.
Assist Stats
Wie gaf de assist op deze legendarische goals?
By
michelfransen111
15m
10 Questions
15.1K Plays
15,112 Plays
15,112 Plays
Comments
Comments
Give Quiz Kudos
Give Quiz Kudos
-
- Ratings
hide this ad
More Info
Replay
Link that replays current quiz
Next Quiz
Link to next quiz in quiz playlist
You Got
0%
They Got
Avg Score
27%
Avg Friend Score
Upgrade to see
Score Distribution
Jump to the score distribution portion of the page
Score
0/10
Timer
15:00
0
Plays Today
Hint
Antwoord
% Correct
Robin van Persie |
Nederland-
Spanje [1-
1]
Daley Blind
97.8%
Dennis Bergkamp |
Nederland-
Argentinië [2-
1]
Frank de Boer
55.4%
Wesley Sneijder |
Nederland-
Brazilië [2-
1]
Dirk Kuyt
42.8%
Marco van Basten |
Nederland-
Sovjet Unie [2-
0]
Arnold Mühren
18.3%
Andres Iniesta |
Spanje-
Nederland [1-
0]
Cesc Fabregas
17.4%
Dirk Kuyt |
Feyenoord-
Heracles [1-
0]
Bart Nieuwkoop
16.4%
Siem de Jong |
Ajax-
FC Twente [1-
0]
Gregory van der Wiel
12.8%
Giovanni van Bronckhorst |
Nederland-
Uruguay [1-
0]
Demy de Zeeuw
12%
Jermain Lens |
PSV-
Feyenoord [10-
0]
Balazs Dzsudzsak
3%
Bryan Smeets |
De Graafschap-
Ajax [1-
1]
Youssef El Jebli
2%
Quiz Playlist
Details
Report
Send in Message
Add To Playlist
More Info:
Wie gaf de assist op deze legendarische goals? Tussen de haakjes staat welke goal wordt bedoeld.
Classic:
Type in answers that appear in a list
Last Updated: Jun 30, 2020
Quiz Scoreboard
CHALLENGE
Sign Up to Join the Scoreboard
Show All
Scores
Hide
Comments
May contain spoilers
Recently Published
An Introduction to Baseball
by treessimontrees
Sports
5m
Movies - When Are They Set?
by FPL_Elf
Movies
5m
Popular People in 1961
by mucciniale
History
6m
More to Explore
Quiz From the Vault
Featured Blog Post
Where Did the Easter Bunny Come From?
hide this ad
You Might Also Like...
Tags
assist
goal
Wie
Today's Top Quizzes in Sports
Browse Sports
hide this ad
Today's Top Quizzes in goal
Browse goal
Top Contributed Quizzes in Sports
1
Les meilleurs buteurs des matchs entre le PSG et l’OM
2
2022 World Cup Stars
3
FIFA Club World Cup Champions
4
Les entraîneurs de l'OM et du PSG au 21e siècle
5
Name the Premier League winners with different clubs
6
La finale Lions - Afrique du Sud 2021
7
Criteria MLB: Left Handed Sluggers
8
Les joueurs passés par le LOSC et le RC Lens
9
Players with Multiple 50 Home Run Seasons
10
MLB Players with Two .350 Batting Average Seasons
Explore More
Trending Topics
Disney
Marvel
NBA
Harry Potter
Anime
Crossword
Kpop
Puzzle
Soccer
The Office
NFL
Song
Country
WWE
Pokémon
hide this ad
More By:
michelfransen111
Quiz
Plays
Rating
Category
Featured
Created
Assist
15,112
Sports
Jun 30, 2020
Doelpuntenmakers Champions League-finales
8,809
Sports
May 12, 2020
Uitslag
8,602
Sports
Aug 12, 2020
Doelmannen
6,932
5.00
Sports
Jul 7, 2020
Beste FIFA-speler per letter
6,309
1.00
Sports
May 25, 2020
Go to Creator's Profile
Score Distribution
Quiz Creator Spotlight
michelfransen111
Follow
Send a Message
Quizzes Created
-
Created Quiz Play Count
-
More By This Creator
Popular Quizzes Today
1
Find the Countries of Europe - No Outlines Minefield
2
Find the US States - No Outlines Minefield
3
The Countries of the World
4
Popular People in 1961
5
US States
6
1-10 Letter E Words III
7
Find the US States
8
One Thing in Common: World Cities II
More Sports Quizzes
Big 4 Animal Teams
Quiz Lab
Trending Quizzes
Risky Map Clicking: Least Populous States A-Z
1-10 Letter F Words
1-10 Letter G Words
One Thing in Common: United Kingdom
Risky Map Clicking: Next State Alphabetically
Recently Updated
Leaping Animals
pecheneg
Reality TV Shows (A-Z)
bhenderson79
Rickey Henderson's Hall of Fame Teammates
pecheneg
Champions League XIs: Arsenal
pecheneg
Quick Pick: Celebrities in WWE's Hall of Fame
aduchscher
A-Z Keypad Blitz II
pecheneg
Multiple Oscar Actors
pecheneg
Mystery Phrase Blitz: Oscar 'Best Actors'
pecheneg
F. Scott Fitzgerald Novels
LTH
Pick 3 Villains
ddd62291
Trending Topics
Anime
Harry Potter
NBA
Crossword
Disney
Marvel
Kpop
Soccer
Country
Pokémon
WWE
NFL
Puzzle
Song
The Office
Your Account Isn't Verified!
In order to create a playlist on Sporcle, you need to verify the email address you used during registration. Go to your
Sporcle Settings
to finish the process.
Report this User
Report this user for behavior that violates our
Community Guidelines
.
Details:
Send Report
Go to the Sporcle.com Mobile Site →
Comments